000 00214 a2200109 4500
001 74919
090 _c39085
_d39085
100 _aCFT
245 _aAdmin Spacial
_hEnglish
260 _aRisalpur
_bCFT
_c2001
300 _a128p
942 _aCAE NUST
999 _c309992
_d309992